<?xml version="1.0" encoding="UTF-8"?><marc:collection xmlns:marc="http://www.loc.gov/MARC21/slim">
  <marc:record>
    <marc:leader>00000nam  22000008a 4500</marc:leader>
    <marc:controlfield tag="001">9.837716</marc:controlfield>
    <marc:controlfield tag="003">CaOODSP</marc:controlfield>
    <marc:controlfield tag="005">20221107151215</marc:controlfield>
    <marc:controlfield tag="007">cr |||||||||||</marc:controlfield>
    <marc:controlfield tag="008">170605s1991    onc    #o    f000 0 fre d</marc:controlfield>
    <marc:datafield tag="040" ind1=" " ind2=" ">
      <marc:subfield code="a">CaOODSP</marc:subfield>
      <marc:subfield code="b">fre</marc:subfield>
    </marc:datafield>
    <marc:datafield tag="041" ind1=" " ind2=" ">
      <marc:subfield code="a">fre</marc:subfield>
      <marc:subfield code="g">eng</marc:subfield>
    </marc:datafield>
    <marc:datafield tag="043" ind1=" " ind2=" ">
      <marc:subfield code="a">n-cn---</marc:subfield>
    </marc:datafield>
    <marc:datafield tag="086" ind1="1" ind2=" ">
      <marc:subfield code="a">NH15-604/1991F-PDF</marc:subfield>
    </marc:datafield>
    <marc:datafield tag="245" ind1="0" ind2="0">
      <marc:subfield code="a">Rapport final sur le sondage des locataires quittant des logements publics </marc:subfield>
      <marc:subfield code="h">[ressource électronique] /</marc:subfield>
      <marc:subfield code="c">déposé par Les Associés de recherche Ekos inc.</marc:subfield>
    </marc:datafield>
    <marc:datafield tag="260" ind1=" " ind2=" ">
      <marc:subfield code="a">[Ottawa] : </marc:subfield>
      <marc:subfield code="b">[Société canadienne d'hypothèques et de logement], </marc:subfield>
      <marc:subfield code="c">1991.</marc:subfield>
    </marc:datafield>
    <marc:datafield tag="300" ind1=" " ind2=" ">
      <marc:subfield code="a">iv, 78, [20 p. </marc:subfield>
    </marc:datafield>
    <marc:datafield tag="500" ind1=" " ind2=" ">
      <marc:subfield code="a">Titre de la couv.</marc:subfield>
    </marc:datafield>
    <marc:datafield tag="500" ind1=" " ind2=" ">
      <marc:subfield code="a">« Le 20 juillet 1991 ».</marc:subfield>
    </marc:datafield>
    <marc:datafield tag="500" ind1=" " ind2=" ">
      <marc:subfield code="a">Publié aussi en anglais sous le titre : Final report for the survey of tenants leaving public housing.</marc:subfield>
    </marc:datafield>
    <marc:datafield tag="500" ind1=" " ind2=" ">
      <marc:subfield code="a">Édition numérisée de l’imprimée 2015 [par Société canadienne d'hypothèques et de logement].</marc:subfield>
    </marc:datafield>
    <marc:datafield tag="520" ind1="3" ind2=" ">
      <marc:subfield code="a">« Ce sondage auprès des locataires quittant un logement public traite de la mesure dans laquelle les anciens locataires des logements publics accèdent au marché privé, soit à titre de locataires ou de propriétaires. L'information qui figure à cette étude a été recueillie auprès des ménages quittant les projets familiaux de logement public entre les mois de novembre 1990 et février 1991, dans les six provinces participantes, soit Terre-Neuve, I'lle-du-Prince-Edouard, le Nouveau-Brunswick, I'Ontario, le Quebec et la Saskatchewan. Les résultats de I'étude démontrent qu'une vaste majorité des ménages quittantun logement public (67 pour cent), passeront au marché privé de l'habitation, non-subventionné, c'est-à-dire 12 pour cent d'entre eux à titre de propriétaires et 55 pour cent, à titre de locataires. Seuls 17 pour cent de tous les ménages quittant un logement public continueront de bénéficier d'un logement subventionné alors qu'un autre 16 pour cent opteront pour un autre genre d'arrangement tel le partage d'un logement avec des parents ou amis. Les dépenses mensuelles moyennes de logement dans le cas des locataires passant du logement public au marché privé augmenteront de 50 pour cent et s'élèveront à 497 $ par rapport à 336 $. Les caractéristiques sociodémographiques des ménages qui quittent le logement public sont très semblables à celles de l'ensemble de la population de locataires de ces projets »--Abrégé.</marc:subfield>
    </marc:datafield>
    <marc:datafield tag="546" ind1=" " ind2=" ">
      <marc:subfield code="a">Annexe B comprend le texte en anglais.</marc:subfield>
    </marc:datafield>
    <marc:datafield tag="692" ind1="0" ind2="7">
      <marc:subfield code="2">gccst</marc:subfield>
      <marc:subfield code="a">Logement subventionné</marc:subfield>
    </marc:datafield>
    <marc:datafield tag="710" ind1="2" ind2=" ">
      <marc:subfield code="a">Associés de recherche Ekos.</marc:subfield>
    </marc:datafield>
    <marc:datafield tag="710" ind1="2" ind2=" ">
      <marc:subfield code="a">Société canadienne d'hypothèques et de logement.</marc:subfield>
    </marc:datafield>
    <marc:datafield tag="775" ind1="0" ind2="8">
      <marc:subfield code="t">Final report for the survey of tenants leaving public housing </marc:subfield>
      <marc:subfield code="w">(CaOODSP)9.837707</marc:subfield>
    </marc:datafield>
    <marc:datafield tag="856" ind1="4" ind2="0">
      <marc:subfield code="q">PDF</marc:subfield>
      <marc:subfield code="s">2.37 Mo</marc:subfield>
      <marc:subfield code="u">https://publications.gc.ca/collections/collection_2017/schl-cmhc/NH15-604-1991-fra.pdf</marc:subfield>
    </marc:datafield>
  </marc:record>
</marc:collection>
